Toutes les communes du Var sur une carte - Statistiques

Statistiques générales
  • Ce quiz a été pris 3 136 fois
  • Le résultat moyen est 48 sur 153
Réponses sur la Carte
Les réponses sont colorées sur une échelle allant du rouge au vert en fonction du pourcentage des utilisateurs qui les ont devinées à leur premier essai. Vous pouvez retrouver ces pourcentages ci-dessous.
 
Statistiques - réponses
Population Commune % Correct
179 659 Toulon
97%
54 615 Hyères
91%
55 750 Fréjus
85%
3 600 Saint-Tropez
85%
35 881 Saint-Raphaël
82%
39 434 Draguignan
80%
62 232 La Seyne-sur-Mer
80%
14 750 Sainte-Maxime
71%
17 652 Brignoles
69%
25 563 La Garde
65%
1 827 La Garde-Freinet
65%
5 980 Le Lavandou
63%
17 173 Sanary-sur-Mer
63%
8 359 Bandol
61%
35 339 Six-Fours-les-Plages
61%
17 468 Saint-Maximin-la-Sainte-Baume
60%
8 162 Bormes-les-Mimosas
59%
24 114 La Valette-du-Var
59%
13 991 Ollioules
56%
12 058 Saint-Cyr-sur-Mer
55%
19 052 La Crau
51%
11 794 Cogolin
50%
11 058 Le Luc
50%
14 335 Roquebrune-sur-Argens
50%
9 462 Carqueiranne
49%
8 061 Puget-sur-Argens
49%
4 409 Puget-Ville
49%
7 642 Cavalaire-sur-Mer
48%
11 493 La Londe-les-Maures
48%
10 496 Le Pradet
48%
6 100 Saint-Mandrier-sur-Mer
48%
11 974 Solliès-Pont
48%
5 867 Solliès-Toucas
48%
2 523 Solliès-Ville
48%
4 607 Grimaud
47%
4 578 Le Castellet
47%
2 037 Ramatuelle
47%
7 292 Les Arcs
46%
12 298 Cuers
45%
9 468 Le Muy
44%
12 693 Vidauban
41%
6 083 Pierrefeu-du-Var
39%
9 605 La Farlède
38%
2 642 Gassin
37%
5 770 Fayence
36%
3 780 La Croix-Valmer
36%
2 303 Aups
35%
4 287 Le Val
34%
2 992 Signes
34%
4 352 Gonfaron
33%
5 548 La Cadière-d'Azur
33%
9 802 Le Beausset
33%
1 855 Collobrières
32%
4 325 Le Cannet-des-Maures
32%
4 011 Le Revest-les-Eaux
31%
9 280 Lorgues
31%
646 Rayol-Canadel-sur-Mer
31%
5 983 Trans-en-Provence
31%
4 195 Flayosc
29%
5 307 Garéoult
29%
3 017 Barjols
28%
3 587 Carnoules
28%
1 473 La Môle
28%
2 226 Méounes-lès-Montrieux
28%
4 658 Pignans
28%
4 301 Rians
28%
5 323 Rocbaron
28%
5 985 Saint-Zacharie
28%
1 770 Saint-Paul-en-Forêt
27%
3 771 Salernes
27%
3 066 Besse-sur-Issole
26%
2 105 Cotignac
26%
2 407 Évenos
26%
3 582 Flassans-sur-Issole
26%
2 184 La Roquebrussanne
26%
2 598 Le Thoronet
26%
587 Tourtour
26%
2 411 Belgentier
25%
3 046 Le Plan-de-la-Tour
25%
4 916 Nans-les-Pins
25%
2 887 Néoules
25%
5 101 Tourves
25%
3 388 Carcès
24%
2 803 Les Adrets-de-l'Estérel
24%
2 889 Bagnols-en-Forêt
23%
2 886 La Motte
23%
762 Sillans-la-Cascade
23%
4 280 Vinon-sur-Verdon
23%
2 102 Sainte-Anastasie-sur-Issole
22%
2 674 Seillans
22%
2 625 Bras
21%
3 185 Forcalqueiret
21%
6 599 Montauroux
21%
5 327 Pourrières
21%
1 367 Bargemon
20%
1 961 Callas
20%
2 235 Plan-d'Aups-Sainte-Baume
20%
2 401 Saint-Julien
20%
271 Aiguines
19%
903 Ampus
19%
1 893 Camps-la-Source
19%
336 Comps-sur-Artuby
19%
247 Saint-Martin-de-Pallières
19%
1 791 Taradeau
19%
1 483 Villecroze
19%
319 Bauduen
18%
1 934 Cabasse
18%
479 Châteaudouble
18%
147 Châteauvert
18%
1 122 Entrecasteaux
18%
2 623 Figanières
18%
1 536 La Celle
18%
228 Bargème
17%
229 Les Salles-sur-Verdon
17%
2 562 Régusse
17%
51 Riboux
17%
2 526 Seillons-Source-d'Argens
17%
1 425 Tavernes
17%
471 Fox-Amphoux
16%
1 930 Ginasservis
16%
625 Les Mayons
16%
802 Mons
16%
554 Montmeyan
16%
937 Vins-sur-Caramy
16%
1 440 Brue-Auriac
15%
370 Esparron
15%
873 Mazaugues
15%
647 Ollières
15%
735 Saint-Antonin-du-Var
15%
9 Vérignon
15%
285 Artignosc-sur-Verdon
14%
77 Châteauvieux
14%
902 Correns
14%
1 456 Montfort-sur-Argens
14%
1 570 Pourcieux
14%
206 Trigance
14%
1 165 Varages
14%
283 Artigues
13%
3 498 Callian
13%
1 591 Montferrat
13%
1 672 Rougiers
13%
1 674 Tanneron
13%
2 874 Tourrettes
13%
205 La Bastide
12%
1 628 La Verdière
12%
241 Baudinard-sur-Verdon
11%
720 Claviers
11%
248 La Roque-Esclapon
11%
210 La Martre
10%
297 Moissac-Bellevue
10%
727 Pontevès
9%
23 Brenon
8%
42 Le Bourguet
6%
Aucun quiz correspondant
Distribution des résultats
% des personnes avec chaque résultat
Percentile par nombre de réponses
Votre historique - résultats
Vous n’avez pas pris ce quiz